| 000 | 00415nam a2200121Ia 4500 | ||
|---|---|---|---|
| 008 | 230104s9999||||xx |||||||||||||| ||und|| | ||
| 040 | _cChuka University Library | ||
| 050 |
_aTHE LB 1775 _bN55 2010 |
||
| 100 |
_aNjiru,Esther Wanjeri _93906 |
||
| 245 | 0 | _aFactors influencing job satisfaction among secondary school teachers in Embu West District,Kenya | |
| 260 |
_aChuka University College _bChuka _c2010 |
||
| 942 | _cBK | ||
| 999 |
_c6009 _d6009 |
||